000 00584nam a2200205 u 4500
005 20240229063548.0
008 111107s2004 r 000 0 eng d
020 _a9978808248
035 _aUPN01000182442
049 _aI
050 4 _aPZ73
_bM3.4
100 1 _aMaciel, Alejandro
245 1 3 _aLa bruja de oro /
_cAlejandro Maciel ; il. Roger Icaza.
260 _aQuito :
_bLibresa,
_c2004.
300 _a80 p. :
_bil.
440 0 _aMitad del mundo ;
_v41
650 4 _aLiteratura infantil argentina
_97511
650 4 _aBRUJAS -
_vLITERATURA INFANTIL
_94409
905 _aInfantil
999 _c154545
_d154545